000 00981nam a2200265Ia 4500
003 OSt
005 20221005110821.0
006 a|||||r|||| 00| 0
007 ta
008 221004b |||||||| |||| 00| 0 hin d
020 _a9788126718924 (hbk)
_c250
024 _a9953
037 _bBR7982, 13/03/2014, Rajkamal Prakashan Pvt. Ltd.
_cTextual
040 _aCRL
_cCRL
_bhin
041 _2hin
_ahin
082 _aO152,3M80:g(Y), Q0
100 _aनामवर सिंह
245 0 _aप्रेमचन्द और भारतीय समाज
246 _aPremachanda aur bhāratīya samāja
260 _aनई दिल्ली
_bराजकमल प्रकाशन भारत
_c2011
300 _a195पृ0
_ccm.
650 _aहिन्दी साहित्य
942 _hO152,3M80:g(Y), Q0
_cTEXL
_2cc
999 _c1019965
_d1019965